AN EXHAUSTIVE COMMENTARY ON THE BHARATIYA SAKSHYA ADHINIYAM 2023 (Record no. 34087)
[ view plain ]
| 000 -LEADER | |
|---|---|
| fixed length control field | 00407nam a22001337a 4500 |
| 003 - CONTROL NUMBER IDENTIFIER | |
| control field | SGT |
| 020 ## - INTERNATIONAL STANDARD BOOK NUMBER | |
| International Standard Book Number | 9788195507986 |
| 082 ## - DEWEY DECIMAL CLASSIFICATION NUMBER | |
| Classification number | 345.06 |
| Item number | SOH |
| 100 ## - MAIN ENTRY--PERSONAL NAME | |
| Personal name | SOHONI |
| 245 ## - TITLE STATEMENT | |
| Title | AN EXHAUSTIVE COMMENTARY ON THE BHARATIYA SAKSHYA ADHINIYAM 2023 |
| Remainder of title | ACT NO 47 OF 2003 WEF 1.7.2024 REPLACING THE INDIAN EVIDENCE ACT 1872 |
| 260 ## - PUBLICATION, DISTRIBUTION, ETC. (IMPRINT) | |
| Place of publication, distribution, etc | PRAYAGRAJ |
| Name of publisher, distributor, etc | PREMIER PUBLISHING HOUSE |
| Year of Publication | 2025 |
| 300 ## - PAGE DESCRIPTION | |
| No. of Pages | 1171 |
| 942 ## - ADDED ENTRY ELEMENTS (KOHA) | |
| Source of classification or shelving scheme | Dewey Decimal Classification |
| Koha item type | Books |
| Withdrawn status | Lost status | Source of classification or shelving scheme | Damaged status | Not for loan | Collection code | Home library | Current library | Shelving location | Date acquired | Vendor Name | Cost, normal purchase price | SGTU | Bill Number | Total Checkouts | Full call number | Accession No. (Barcode) | Date last seen | Bill Date | Koha item type |
|---|---|---|---|---|---|---|---|---|---|---|---|---|---|---|---|---|---|---|---|
| Dewey Decimal Classification | Not For Loan | LAW | SGT Science & Social Sciences Library | SGT Science & Social Sciences Library | Reference Book | 14/02/2026 | ZAFFA BOOKS | 2700.00 | SGTU | ZBD0409 | 345.06 SOH | FL4026 | 14/02/2026 | 30/01/2026 | Books | ||||
| Dewey Decimal Classification | Not For Loan | LAW | SGT Science & Social Sciences Library | SGT Science & Social Sciences Library | Reference Book | 14/02/2026 | ZAFFA BOOKS | 2700.00 | SGTU | ZBD0409 | 345.06 SOH | FL4027 | 14/02/2026 | 30/01/2026 | Books | ||||
| Dewey Decimal Classification | Not For Loan | LAW | SGT Science & Social Sciences Library | SGT Science & Social Sciences Library | Reference Book | 14/02/2026 | ZAFFA BOOKS | 2700.00 | SGTU | ZBD0409 | 345.06 SOH | FL4028 | 14/02/2026 | 30/01/2026 | Books | ||||
| Dewey Decimal Classification | Not For Loan | LAW | SGT Science & Social Sciences Library | SGT Science & Social Sciences Library | Reference Book | 14/02/2026 | ZAFFA BOOKS | 2700.00 | SGTU | ZBD0409 | 345.06 SOH | FL4029 | 14/02/2026 | 30/01/2026 | Books |